Sophie (Record no. 130315)
[ view plain ]
| 000 -LEADER | |
|---|---|
| fixed length control field | 00410nam a22001337a 4500 |
| 008 - FIXED-LENGTH DATA ELEMENTS--GENERAL INFORMATION | |
| fixed length control field | 200206b ||||| |||| 00| 0 eng d |
| 050 ## - LIBRARY OF CONGRESS CALL NUMBER | |
| Classification number | DD491.H274 |
| Item number | K76 |
| 100 ## - MAIN ENTRY--PERSONAL NAME | |
| Personal name | Kroll, Maria |
| 9 (RLIN) | 49406 |
| 245 ## - TITLE STATEMENT | |
| Title | Sophie |
| Remainder of title | electress of hanover |
| Statement of responsibility, etc | Maria Kroll |
| 260 ## - PUBLICATION, DISTRIBUTION, ETC. (IMPRINT) | |
| Place of publication, distribution, etc | London |
| Name of publisher, distributor, etc | Victor Gollancz Ltd. |
| Date of publication, distribution, etc | 1973 |
| 300 ## - PHYSICAL DESCRIPTION | |
| Extent | 288p. ; |
| Dimensions | 23cm. |
| 600 ## - SUBJECT ADDED ENTRY--PERSONAL NAME | |
| Personal name | Sophie, comfort of elector of Hanover |
| 9 (RLIN) | 49407 |
| 942 ## - ADDED ENTRY ELEMENTS (KOHA) | |
| Source of classification or shelving scheme | Library of Congress Classification |
| Item type | Monograph ( Printed materials) |
| Withdrawn status | Lost status | Source of classification or shelving scheme | Damaged status | Not for loan | Collection code | Home library | Current library | Shelving location | Date acquired | Total Checkouts | Full call number | Barcode | Date last seen | Price effective from | Koha item type |
|---|---|---|---|---|---|---|---|---|---|---|---|---|---|---|---|
| Library of Congress Classification | Main Collection | ARRUPE LIBRARY | ARRUPE LIBRARY | Main Collection | 06/02/2020 | DD491.H274 K76 | 46600006525 | 06/02/2020 | 06/02/2020 | Monograph ( Printed materials) |